| 000 | 00666nam a2200205 i 4500 | ||
|---|---|---|---|
| 001 | 13331 | ||
| 003 | ES-MaACL | ||
| 005 | 20250805062542.0 | ||
| 007 | t| | ||
| 008 | 980216s1993 sp ||||1| spa d | ||
| 080 | _a321.01 | ||
| 100 | 1 |
_aBallestero, Manuel. _925031 |
|
| 245 | 1 | 0 |
_aAcerca de "lo político" / _cManuel Ballestero. |
| 260 |
_aMadrid : _bRevista del Centro de Estudios Constitucionales, _c1993. |
||
| 300 |
_ap. 65-72 ; _c24 cm. |
||
| 500 | _aSeparata de: Revista del Centro de Estudios Constitucionales, nº 14. Enero-abril 1993. | ||
| 650 | 4 |
_aPolítica- _xFilosofía _916274 |
|
| 852 |
_aES-MaACL _j2150-F-23 _bR.126383 |
||
| 999 |
_c13331 _d13331 |
||